Statistics for Elements that Start with C

Click here to take the quiz!

General Stats

  • This quiz has been taken 40 times
  • The average score is 8 of 12

Answer Stats

#element% Correct
6Carbon
91%
20Calcium
82%
29Copper
82%
27Cobalt
76%
55Caesium
70%
24Chromium
70%
17Chlorine
67%
56Cadmium
64%
98Californium
64%
96Curium
64%
58Cerium
55%
112Copernicium
39%

Score Distribution

Percentile by Number Answered

Percent of People with Each Score

Your Score History

You have not taken this quiz